000 00348pab a2200145 454500
008 180718b1987 xxu||||| |||| 00| 0 eng d
100 _aNajmi, Mohammad
245 _aIndian law of criminal conspiracy - a critique
260 _c1987
300 _a4-7
362 _aMar.
650 _aCriminal Law - India
773 _aCBI Bullein
909 _a6919
999 _c6919
_d6919